|
|
|
|
| LEADER |
00000naa2a2200000 4500 |
| 001 |
389733 |
| 005 |
20231101063913.0 |
| 035 |
|
|
|a (RuTPU)RU\TPU\prd\22231
|
| 090 |
|
|
|a 389733
|
| 100 |
|
|
|a 20040204a2003 k y0rusy50 ca
|
| 101 |
0 |
|
|a rus
|
| 102 |
|
|
|a RU
|
| 200 |
1 |
|
|a Новые технологии беспроводной передачи данных
|f Н. Жиленков
|
| 225 |
1 |
|
|a Аппаратные стредства. Модемы
|
| 461 |
|
1 |
|0 (RuTPU)RU\TPU\prd\1759
|x 0206-975X
|t Современные технологии автоматизации
|o производственно-технический журнал
|d 2000-
|
| 463 |
|
1 |
|0 (RuTPU)RU\TPU\prd\21834
|t № 4
|v С. 44-47
|d 2003
|
| 610 |
1 |
|
|a новые технологии
|
| 610 |
1 |
|
|a передача данных
|
| 610 |
1 |
|
|a беспроводная передача
|
| 610 |
1 |
|
|a передача информации
|
| 610 |
1 |
|
|a сотовая связь
|
| 700 |
|
1 |
|a Жиленков
|b Н.
|
| 801 |
|
1 |
|a RU
|b 63413507
|c 20040204
|g PSBO
|
| 801 |
|
2 |
|a RU
|b 63413507
|c 20131217
|g RCR
|
| 942 |
|
|
|c BK
|